Prénoms de garçon le plus donné par région - Statistiques

Statistiques générales
  • Ce quiz a été pris 173 fois
  • Le résultat moyen est 9 sur 18
Réponses sur la Carte
Les réponses sont colorées sur une échelle allant du rouge au vert en fonction du pourcentage des utilisateurs qui les ont devinées à leur premier essai. Vous pouvez retrouver ces pourcentages ci-dessous.
 
Statistiques - réponses
Prénoms Régions % Correct
Léo Hauts-de-France
72%
Léo Normandie
72%
Gabriel Auvergne-Rhône-Alpes
66%
Gabriel Bourgogne-Franche-Comté
66%
Gabriel Bretagne
66%
Gabriel Centre-Val de Loire
66%
Gabriel Grand Est
66%
Gabriel Île-de-France
66%
Gabriel Occitanie
66%
Gabriel Nouvelle Aquitaine
66%
Gabriel Provence-Alpes-Côte d'Azur
66%
Gabriel Pays de la Loire
66%
Gabriel Guadeloupe
66%
Noah Martinique
33%
Lyam La Réunion
22%
Rayane Mayotte
4%
Andria Corse
3%
Jayden Guyane
1%
Aucun quiz correspondant
Distribution des résultats
% des personnes avec chaque résultat
Percentile par nombre de réponses
Votre historique - résultats
Vous n’avez pas pris ce quiz